000 00748nam a22002177a 4500
003 UA-OsUOA
001 75486
007 ta
008 20110524b un ||||| |||| 00| 0 ukr d
090 _a94(38)
_bЗ-72
942 _cBK
040 _aUA-OsUOA
_brus
_cUA-OsUOA
_dUA-OsUOA
245 _aЗнаменитые греки
_bжизнеописания выдающихся деятелей древней Греции, составленных по Плутарху
_cОбработка М.Н.Ботвинника, Г.А.Стратановского
300 _a237 с.
955 _a2
041 _arus
080 _a94(38)
260 _aМ.
_c2009
650 7 _a9 Географія. Біографії. Історія
_2UDC
999 _c361787
_d361787